[Event "2BLS 2223 Heilbronner SV - SF Heideshei"]
[Site "?"]
[Date "2023.02.05"]
[Round "6.8"]
[White "Degenhard, Simon"]
[Black "Klein, Christoph"]
[Result "1-0"]
[WhiteElo "2253"]
[BlackElo "2112"]
[PlyCount "77"]
[EventDate "2023.??.??"]

1. e4 c6 2. d4 d5 3. Nd2 dxe4 4. Nxe4 Bf5 5. Ng3 Bg6 6. h4 h6 7. Nf3 Nf6 8. h5 Bh7 9. Bd3 Bxd3 10. Qxd3 e6 11. Bd2 Qc7 12. O-O-O Nbd7 13. Kb1 O-O-O 14. Ne4 c5 15. Bc1 Nxe4 16. Qxe4 Nf6 17. Qe2 cxd4 18. Nxd4 a6 19. Rh3 Bb4 20. a3 Ba5 21. Rhd3 Kb8 22. g3 Ka8 23. Bf4 Qc8 24. Be5 Rd5 25. Bxf6 gxf6 26. g4 Rhd8 27. Nb3 Rxd3 28. Rxd3 Rxd3 29. Qxd3 Bb6 30. Qh7 Qc4 31. Qxh6 Qxg4 32. Qf8+ Ka7 33. h6 Qd1+ 34. Nc1 Qh1 35. Qg7 Bxf2 36. h7 Be3 37. Ka2 Qxc1 38. Qxf6 e5 39. Qxe5 1-0

[Event "2BLS 2223 OSG Baden-Baden II - SC Ötig"]
[Site "?"]
[Date "2022.11.25"]
[Round "6.2"]
[White "Martin, Julian"]
[Black "Van den Doel, Erik"]
[Result "0-1"]
[WhiteElo "2396"]
[BlackElo "2577"]
[PlyCount "110"]
[EventDate "2022.??.??"]

1. e4 e5 2. Nf3 Nc6 3. Nc3 Nf6 4. Bb5 Bd6 5. a3 a6 6. Bc4 Bc5 7. d3 d6 8. h3 Ne7 9. Bg5 Ng6 10. Nh4 Nxh4 11. Bxh4 h6 12. Qe2 c6 13. Bb3 Be6 14. Bxe6 fxe6 15. f4 Bd4 16. fxe5 Bxe5 17. Bf2 c5 18. Nd1 O-O 19. c3 Qb6 20. O-O Nd7 21. Ne3 Qc6 22. Ng4 Bf4 23. Be3 Bxe3+ 24. Qxe3 Rxf1+ 25. Rxf1 Rf8 26. Rxf8+ Nxf8 27. Qg3 Kh7 28. Qf4 Kg8 29. Qg3 Kf7 30. Ne3 b5 31. Qf4+ Kg8 32. Ng4 Ng6 33. Qg3 Kh7 34. h4 c4 35. h5 Qc5+ 36. Ne3 Qxh5 37. dxc4 bxc4 38. Qxd6 Qe2 39. Qg3 Qxb2 40. Nxc4 Qb1+ 41. Kh2 Qxe4 42. Nd6 Qd5 43. c4 Qd4 44. Nf7 e5 45. Qf3 Qh4+ 46. Kg1 e4 47. Qf2 Qe7 48. Qf5 e3 49. Kf1 Qxa3 50. Ke2 Qc3 51. Qd3 Qf6 52. Nd6 Qf2+ 53. Kd1 a5 54. c5 Qg1+ 55. Ke2 Qxg2+ 0-1

[Event "2BLS 2223 OSG Baden-Baden II - SC Ötig"]
[Site "?"]
[Date "2022.11.25"]
[Round "6.3"]
[White "Lai, Hing Ting"]
[Black "Bellahcene, Bilel"]
[Result "1/2-1/2"]
[WhiteElo "2480"]
[BlackElo "2484"]
[PlyCount "26"]
[EventDate "2022.??.??"]

1. d4 Nf6 2. Nf3 e6 3. Bf4 d5 4. e3 c5 5. c3 Nc6 6. Nbd2 Bd6 7. Bg3 O-O 8. Bb5 Bxg3 9. hxg3 Qb6 10. Qe2 Bd7 11. a4 a6 12. dxc5 Qxc5 13. Bxc6 Bxc6 1/2-1/2

[Event "2BLS 2223 OSG Baden-Baden II - SC Ötig"]
[Site "?"]
[Date "2022.11.25"]
[Round "6.4"]
[White "Halkias, Stelios"]
[Black "Laurent-Paoli, Pierre"]
[Result "1/2-1/2"]
[WhiteElo "2506"]
[BlackElo "2490"]
[PlyCount "144"]
[EventDate "2022.??.??"]

1. Nf3 c5 2. c4 Nf6 3. Nc3 e6 4. e3 d5 5. d4 dxc4 6. Bxc4 a6 7. O-O b5 8. Be2 Bb7 9. dxc5 Qxd1 10. Rxd1 Bxc5 11. Nd2 Be7 12. Nb3 Nc6 13. e4 O-O 14. Be3 Rfd8 15. Bc5 b4 16. Na4 Nxe4 17. Bf3 f5 18. Bxe4 fxe4 19. Re1 Bf6 20. Bb6 Re8 21. Nbc5 Bc8 22. Nxe4 e5 23. Rac1 Ne7 24. Ba5 Be6 25. Nd6 Reb8 26. Nc5 Bxa2 27. Nd7 Bd5 28. Nxb8 Rxb8 29. Red1 e4 30. Rc7 Kf8 31. Nc8 Nxc8 32. Bxb4+ Rxb4 33. Rxc8+ Kf7 34. Rxd5 Rxb2 35. g3 Ke6 36. Rd1 Kf5 37. Rc5+ Kg6 38. Rc4 e3 39. fxe3 a5 40. Rd5 Ra2 41. Rc6 Re2 42. g4 h6 43. h4 Rxe3 44. Kf2 Rc3 45. Rxc3 Bxc3 46. Kf3 Be1 47. Rd6+ Kh7 48. g5 hxg5 49. hxg5 g6 50. Rd3 a4 51. Kf4 a3 52. Rxa3 Bd2+ 53. Kg4 Bc1 54. Rb3 Kg8 55. Rb5 Be3 56. Rd5 Bc1 57. Rb5 Be3 58. Rb4 Bc1 59. Rb3 Kf7 60. Rb5 Be3 61. Kf3 Bd4 62. Ke4 Bc3 63. Kd5 Kg8 64. Rb3 Ba1 65. Ke4 Kg7 66. Kd5 Kg8 67. Ke6 Bd4 68. Rb7 Bc3 69. Rf7 Bd4 70. Rf4 Bc3 71. Rf3 Bd4 72. Ke7 Kg7 1/2-1/2

[Event "2BLS 2223 OSG Baden-Baden II - SC Ötig"]
[Site "?"]
[Date "2022.11.25"]
[Round "6.5"]
[White "Grigoriants, Sergey"]
[Black "Schmider, Niklas"]
[Result "1-0"]
[WhiteElo "2550"]
[BlackElo "2396"]
[PlyCount "103"]
[EventDate "2022.??.??"]

1. c4 Nf6 2. Nc3 c5 3. Nf3 Nc6 4. e3 e6 5. d4 d5 6. a3 dxc4 7. Bxc4 a6 8. O-O b5 9. Ba2 Bb7 10. d5 exd5 11. Nxd5 Nxd5 12. Bxd5 Na5 13. e4 Bxd5 14. exd5 Be7 15. Bf4 O-O 16. d6 Bf6 17. Qd5 Bxb2 18. Ra2 Nc4 19. Qxc5 Qa5 20. a4 Rad8 21. Qc6 Rc8 22. Qd5 Bf6 23. d7 Ra8 24. Rc1 Nb6 25. Qc6 bxa4 26. Bd6 Rfd8 27. Bc7 Qd5 28. Qxd5 Nxd5 29. Bxd8 Rxd8 30. Rxa4 Nc3 31. Re1 Kf8 32. Rxa6 Rxd7 33. Ra8+ Rd8 34. Rxd8+ Bxd8 35. Re3 Nb5 36. Ne5 g6 37. Rb3 Nc7 38. Rf3 f6 39. Nc6 Be7 40. Rd3 Ke8 41. Rh3 h5 42. Rg3 g5 43. Rh3 h4 44. Nxe7 Kxe7 45. g3 hxg3 46. Rh7+ Kd6 47. fxg3 Ne6 48. h4 gxh4 49. gxh4 Ke5 50. h5 Kf5 51. Re7 Ng5 52. Rg7 1-0

[Event "2BLS 2223 OSG Baden-Baden II - SC Ötig"]
[Site "?"]
[Date "2022.11.25"]
[Round "6.6"]
[White "Riff, Jean-Noel"]
[Black "Georgiev, Kiril"]
[Result "1/2-1/2"]
[WhiteElo "2433"]
[BlackElo "2543"]
[PlyCount "55"]
[EventDate "2022.??.??"]

1. e4 c5 2. Nf3 d6 3. d4 cxd4 4. Nxd4 Nf6 5. Nc3 a6 6. Be3 e5 7. Nb3 Be6 8. h3 Nc6 9. Nd5 Bxd5 10. exd5 Ne7 11. c4 g6 12. Bd3 Bg7 13. O-O O-O 14. Qd2 b5 15. Na5 bxc4 16. Bxc4 Nf5 17. Nc6 Qc7 18. Rac1 a5 19. b4 axb4 20. Qxb4 Nxe3 21. fxe3 Bh6 22. Rfe1 Kg7 23. a4 Nd7 24. a5 Rfc8 25. Bf1 Nf6 26. Bc4 Nd7 27. Bf1 Nf6 28. Bc4 1/2-1/2

[Event "2BLS 2223 OSG Baden-Baden II - SC Ötig"]
[Site "?"]
[Date "2022.11.25"]
[Round "6.8"]
[White "Kachiani-Gersinska, Ketino"]
[Black "Kuehn, Kolja"]
[Result "1-0"]
[WhiteElo "2310"]
[BlackElo "2124"]
[PlyCount "161"]
[EventDate "2022.??.??"]

1. Nf3 d5 2. g3 Nf6 3. Bg2 Bf5 4. O-O h6 5. c4 e6 6. Qb3 Qc8 7. d3 c6 8. Be3 Nbd7 9. Rc1 Be7 10. Nc3 Bh7 11. cxd5 exd5 12. Bh3 Qb8 13. Bf4 Nc5 14. Bxb8 Nxb3 15. axb3 Rxb8 16. Rxa7 Bc5 17. Ra4 Bb6 18. e4 dxe4 19. dxe4 O-O 20. e5 Nd5 21. Nxd5 cxd5 22. Rb4 Bd8 23. Nd4 Be4 24. Bg2 Re8 25. Ra1 Bg5 26. h4 Bd2 27. Rb5 Rbc8 28. Bxe4 dxe4 29. Nf5 Rc1+ 30. Rxc1 Bxc1 31. Nd6 Re7 32. Rxb7 Rxb7 33. Nxb7 Bxb2 34. Nd6 Bxe5 35. Nxe4 f5 36. Nc5 Kf7 37. h5 g6 38. hxg6+ Kxg6 39. b4 Bd4 40. Ne6 Ba7 41. Kf1 Kf6 42. Nf4 Ke5 43. Ke2 Ke4 44. Ng6 Bb8 45. b5 Bc7 46. Ne7 h5 47. f3+ Ke5 48. f4+ Ke4 49. Ng6 Bd8 50. Nh4 Bb6 51. Nf3 Kd5 52. Ng5 Kc4 53. Nf7 Kxb5 54. Nd6+ Kc6 55. Nxf5 Kd5 56. Kf3 Ba5 57. Ng7 h4 58. gxh4 Bc3 59. Nf5 Ke6 60. Kg4 Kf6 61. h5 Bd2 62. Nd6 Kg7 63. Kg5 Kh7 64. Ne4 Bc1 65. Nf6+ Kg7 66. Nd5 Bd2 67. Nb6 Be3 68. Nd7 Bd2 69. Ne5 Bc1 70. Nc4 Kh7 71. Nd6 Kg7 72. Nf5+ Kh7 73. Ne7 Kg7 74. h6+ Kh7 75. Nd5 Bd2 76. Nf6+ Kh8 77. Ne4 Bc1 78. Kg6 Bxf4 79. h7 Bg5 80. Nd6 Bf6 81. Nf7# 1-0

[Event "2BLS 2223 SG Speyer-Schwegenheim - SC E"]
[Site "?"]
[Date "2023.02.05"]
[Round "6.1"]
[White "Acs, Peter"]
[Black "Hera, Imre Jr."]
[Result "1/2-1/2"]
[WhiteElo "2573"]
[BlackElo "2544"]
[PlyCount "51"]
[EventDate "2023.??.??"]

1. e4 e5 2. Nf3 Nc6 3. d4 exd4 4. Nxd4 Qf6 5. Be3 Bc5 6. c3 Nge7 7. Bb5 O-O 8. O-O d6 9. Kh1 Bb6 10. a4 Nxd4 11. cxd4 c6 12. Be2 d5 13. e5 Qg6 14. a5 Bc7 15. Ra3 f6 16. f4 Nf5 17. Bg1 fxe5 18. fxe5 Be6 19. b4 Qg5 20. Nd2 Nh4 21. Rg3 Rxf1 22. Nxf1 Qe7 23. Bd3 Bf5 24. Be3 Bxd3 25. Qxd3 Rf8 26. a6 1/2-1/2

[Event "2BLS 2223 SG Speyer-Schwegenheim - SC E"]
[Site "?"]
[Date "2023.02.05"]
[Round "6.2"]
[White "Horvath, Adam"]
[Black "Noe, Christopher"]
[Result "0-1"]
[WhiteElo "2462"]
[BlackElo "2516"]
[PlyCount "182"]
[EventDate "2023.??.??"]

1. e4 c6 2. d4 d5 3. e5 Bf5 4. h4 Qc7 5. h5 h6 6. g4 Be4 7. f3 Bh7 8. Bd3 Bxd3 9. Qxd3 e6 10. c3 c5 11. Na3 Nc6 12. Nc2 Rc8 13. Rh2 Nf6 14. Re2 Nd7 15. f4 cxd4 16. cxd4 Nb4 17. Nxb4 Bxb4+ 18. Kf2 Qc4 19. Qd1 O-O 20. Nf3 f6 21. Kg3 fxe5 22. fxe5 Rf7 23. Rf2 Rcf8 24. Be3 Nc5 25. dxc5 Qe4 26. Qe2 d4 27. Nxd4 Qxe5+ 28. Bf4 Qxd4 29. Qxe6 Bxc5 30. Raf1 Qd7 31. Re2 Qxe6 32. Rxe6 Bb6 33. Re4 Bc7 34. Rc4 Kh7 35. Rf3 Bb8 36. Re4 Rf6 37. Rf2 R8f7 38. a4 g5 39. hxg6+ Kxg6 40. Bxb8 Rxf2 41. Kh4 a6 42. b4 R2f3 43. Rd4 Ra3 44. a5 Re3 45. Bf4 Re6 46. Kg3 Rfe7 47. Rd5 Rc6 48. b5 Rc3+ 49. Kh4 axb5 50. Rxb5 Rf7 51. Bd2 Rd3 52. Rb6+ Rf6 53. Rb2 Rc6 54. Be1 Rc1 55. Rb6+ Kf7 56. Rxb7+ Ke6 57. Rb8 Kf7 58. Rb7+ Kf6 59. Rb6+ Ke5 60. Bg3+ Ke4 61. Re6+ Kf3 62. Rf6+ Kg2 63. Rf2+ Kg1 64. Kh3 Rcc3 65. Rg2+ Kf1 66. Rf2+ Ke1 67. Rf3+ Ke2 68. Rf2+ Ke3 69. Rf6 Kd2 70. Rf2+ Kd1 71. Rf1+ Kc2 72. Rf2+ Kb3 73. Rg2 Rc5 74. Kh4 Rxa5 75. Bf4 Ra1 76. Rh2 Ra6 77. Kh5 Rd5+ 78. g5 Kc3 79. Rh1 Rb5 80. Rd1 Ra4 81. Rf1 Kd3 82. Bc1 Ke2 83. Rh1 Ra6 84. Kg4 Ra4+ 85. Kh5 Ra6 86. Kg4 hxg5 87. Bxg5 Rg6 88. Rh5 Rg8 89. Kf4 Kf1 90. Kg4 Kg2 91. Kf4 Rf8+ 0-1

[Event "2BLS 2223 SG Speyer-Schwegenheim - SC E"]
[Site "?"]
[Date "2023.02.05"]
[Round "6.3"]
[White "Hacker, Jonas"]
[Black "Kantans, Toms"]
[Result "1/2-1/2"]
[WhiteElo "2444"]
[BlackElo "2499"]
[PlyCount "41"]
[EventDate "2023.??.??"]

1. e4 c5 2. Nf3 d6 3. Bb5+ Nd7 4. a4 Ngf6 5. Nc3 a6 6. Be2 g6 7. a5 Bg7 8. O-O O-O 9. d3 Nb8 10. e5 dxe5 11. Nxe5 Be6 12. Bf3 Nd5 13. Bxd5 Bxd5 14. Nxd5 Qxd5 15. Nc4 Nd7 16. Qe2 Rfe8 17. Re1 Rad8 18. Bd2 Nb8 19. Qe4 Qxe4 20. Rxe4 Nc6 21. Bc3 1/2-1/2

[Event "2BLS 2223 SG Speyer-Schwegenheim - SC E"]
[Site "?"]
[Date "2023.02.05"]
[Round "6.4"]
[White "Nemeth, Miklos"]
[Black "Medvegy, Zoltan"]
[Result "1/2-1/2"]
[WhiteElo "2436"]
[BlackElo "2508"]
[PlyCount "49"]
[EventDate "2023.??.??"]

1. e4 e6 2. d4 d5 3. Nd2 dxe4 4. Nxe4 Bd7 5. Nf3 Bc6 6. Bd3 Nd7 7. O-O Ngf6 8. Ng3 Be7 9. Re1 O-O 10. c3 Re8 11. Qe2 Bxf3 12. Qxf3 c6 13. Re2 g6 14. Bh6 Bf8 15. Bg5 h6 16. Bxf6 Qxf6 17. Qxf6 Nxf6 18. Ne4 Nxe4 19. Bxe4 e5 20. dxe5 Rxe5 21. Rae1 Rae8 22. Kf1 Kg7 23. Bc2 Rxe2 24. Rxe2 Rxe2 25. Kxe2 1/2-1/2

[Event "2BLS 2223 SG Speyer-Schwegenheim - SC E"]
[Site "?"]
[Date "2023.02.05"]
[Round "6.5"]
[White "Gibicar, Danijel"]
[Black "Kovacs, Gabor"]
[Result "0-1"]
[WhiteElo "2301"]
[BlackElo "2400"]
[PlyCount "108"]
[EventDate "2023.??.??"]

1. e4 e5 2. Nf3 Nc6 3. Bb5 a6 4. Ba4 d6 5. c3 Nf6 6. O-O Bd7 7. Re1 g6 8. d4 Bg7 9. d5 Ne7 10. Bxd7+ Nxd7 11. Be3 h6 12. Nfd2 O-O 13. c4 f5 14. f3 f4 15. Bf2 g5 16. Nc3 Ng6 17. b4 Rf7 18. c5 Nf6 19. Nc4 Bf8 20. cxd6 cxd6 21. Nb6 Rb8 22. h3 h5 23. Nca4 Rg7 24. Kf1 g4 25. Qd3 Nh7 26. Ke2 Be7 27. Kd2 Bh4 28. Qe2 gxh3 29. gxh3 Bg3 30. Rf1 Ng5 31. Rac1 Nxh3 32. Bg1 Kh7 33. Rc3 Nh4 34. Rfc1 Be1+ 35. Qxe1 Rg2+ 36. Kd3 Rxg1 37. Rc7+ Kh6 38. Qxg1 Nxg1 39. Rd7 Nhxf3 40. Rxd8 Rxd8 41. Rc7 h4 42. Nc3 h3 43. Nd1 h2 44. Nf2 Nh3 45. Ng4+ Kh5 46. Nxh2 Nxh2 47. Rxb7 Kg6 48. Nc4 Nf2+ 49. Ke2 Nxe4 50. Rb6 Kf6 51. Rxa6 Rg8 52. Ra7 Rg2+ 53. Kd3 Rg3+ 54. Kc2 Rc3+ 0-1

[Event "2BLS 2223 SG Speyer-Schwegenheim - SC E"]
[Site "?"]
[Date "2023.02.05"]
[Round "6.6"]
[White "Boguslawski, Oleg"]
[Black "Cofmann, Veaceslav"]
[Result "1-0"]
[WhiteElo "2374"]
[BlackElo "2292"]
[PlyCount "129"]
[EventDate "2023.??.??"]

1. e4 e6 2. d4 d5 3. Nc3 Nf6 4. Bg5 Be7 5. e5 Nfd7 6. h4 h6 7. Bxe7 Qxe7 8. f4 Nb6 9. Qd2 a6 10. Nf3 c5 11. Qf2 c4 12. a3 Qc7 13. h5 Nc6 14. g4 Bd7 15. Nh4 O-O-O 16. O-O-O Kb8 17. f5 f6 18. exf6 gxf6 19. fxe6 Bxe6 20. Be2 Bc8 21. Rhf1 Rhe8 22. Ng6 Ka8 23. Qxf6 Na4 24. Nxa4 Rxe2 25. Qf4 Qa5 26. Nc3 Ree8 27. Rfe1 Rg8 28. Rg1 b5 29. Ne5 Nxe5 30. dxe5 Qb6 31. Qd4 Qxd4 32. Rxd4 Be6 33. Ne2 Rg5 34. Nf4 Rxe5 35. g5 hxg5 36. Nxe6 Rxe6 37. Rxg5 Re2 38. Rgxd5 Rxd5 39. Rxd5 Rh2 40. Kb1 Kb7 41. Rg5 Kb6 42. Rg6+ Kc5 43. Rxa6 Rxh5 44. c3 Rh1+ 45. Ka2 Rg1 46. a4 bxa4 47. Rxa4 Kb5 48. Ra8 Rh1 49. Rg8 Rh5 50. Ka3 Rc5 51. Rb8+ Ka5 52. Rb4 Rc8 53. Ka2 Rc7 54. Kb1 Rc8 55. Kc2 Rc7 56. Kd2 Rd7+ 57. Ke2 Rh7 58. Ke3 Rh4 59. Kd2 Rg4 60. Kc2 Rh4 61. Kb1 Rg4 62. Ka2 Rh4 63. Ka3 Rg4 64. b3 Rh4 65. Rxc4 1-0

[Event "2BLS 2223 SG Speyer-Schwegenheim - SC E"]
[Site "?"]
[Date "2023.02.05"]
[Round "6.7"]
[White "Mann, Christian"]
[Black "Bodrozic, Tomislav"]
[Result "1/2-1/2"]
[WhiteElo "2397"]
[BlackElo "2348"]
[PlyCount "54"]
[EventDate "2023.??.??"]

1. c4 c5 2. g3 Nc6 3. Bg2 g6 4. Nf3 Bg7 5. O-O Nh6 6. Nc3 Nf5 7. a3 O-O 8. Rb1 d6 9. d3 Rb8 10. Bd2 b6 11. b4 Bb7 12. e3 e6 13. Qc2 Qe7 14. bxc5 dxc5 15. Ne4 Ne5 16. Nxe5 Bxe5 17. Bc3 Bxc3 18. Qxc3 Bxe4 19. Bxe4 Nd6 20. Bg2 Rfd8 21. a4 Nb7 22. h4 h5 23. Bf3 Rd6 24. Rbd1 Na5 25. Kg2 Rbd8 26. Rh1 Qf8 27. Be2 Qg7 1/2-1/2

[Event "2BLS 2223 SG Speyer-Schwegenheim - SC E"]
[Site "?"]
[Date "2023.02.05"]
[Round "6.8"]
[White "Flierl, Pascal"]
[Black "Hamid, Emran"]
[Result "1-0"]
[WhiteElo "2189"]
[BlackElo "2183"]
[PlyCount "135"]
[EventDate "2023.??.??"]

1. e4 c5 2. Nc3 Nc6 3. f4 g6 4. Nf3 Bg7 5. Bb5 Nd4 6. Bc4 e6 7. e5 Nxf3+ 8. Qxf3 d5 9. exd6 Qxd6 10. Bb5+ Kf8 11. b3 Rb8 12. Bb2 Nf6 13. O-O-O a6 14. Be2 b5 15. Qf2 Bb7 16. Bf3 Bd5 17. Rhf1 Rc8 18. g3 h5 19. Kb1 Kg8 20. Nxd5 Nxd5 21. Be5 Qc6 22. Rc1 c4 23. Bxg7 Kxg7 24. f5 Qc5 25. fxe6 fxe6 26. Qe2 c3 27. Bxd5 cxd2 28. Qe5+ Kh6 29. Qf4+ Kg7 30. Qxd2 Qxd5 31. Qf2 Rc7 32. Qf6+ Kh7 33. Rcd1 Qe4 34. Rd2 Rhc8 35. Rff2 a5 36. Rde2 Qd4 37. Rd2 Qe4 38. Rfe2 Qf5 39. Qxe6 Qxe6 40. Rxe6 b4 41. Re5 Ra8 42. Red5 Raa7 43. Rd6 Rc5 44. Rd7+ Rxd7 45. Rxd7+ Kh6 46. c4 bxc3 47. Kc2 Kg5 48. Rd4 Kf5 49. a3 g5 50. b4 axb4 51. axb4 Re5 52. Kxc3 Re3+ 53. Rd3 Re1 54. Rd2 Kg4 55. Rb2 Kh3 56. b5 g4 57. b6 Re6 58. b7 Re8 59. b8=Q Rxb8 60. Rxb8 Kxh2 61. Rh8 Kxg3 62. Rxh5 Kf2 63. Kd2 g3 64. Rf5+ Kg1 65. Ke2 g2 66. Rg5 Kh2 67. Kf2 Kh1 68. Rh5# 1-0

[Event "2BLS 2223 SV 1947 Walldorf - Stuttgarte"]
[Site "?"]
[Date "2023.02.05"]
[Round "6.1"]
[White "Kvetny, Mark"]
[Black "Aczel, Gergely"]
[Result "0-1"]
[WhiteElo "2409"]
[BlackElo "2511"]
[PlyCount "84"]
[EventDate "2023.??.??"]

1. e4 c5 2. Nf3 d6 3. Bb5+ Bd7 4. Bxd7+ Nxd7 5. O-O Ngf6 6. Qe2 e6 7. c4 Rc8 8. d4 cxd4 9. Nxd4 Qa5 10. b3 Qe5 11. Bb2 Qxe4 12. Qd2 a6 13. Nc3 Qg4 14. Rae1 Be7 15. f3 Qh5 16. g4 Qc5 17. g5 Nh5 18. f4 O-O 19. Kh1 b5 20. f5 bxc4 21. fxe6 fxe6 22. Nxe6 Qc6+ 23. Qd5 Rxf1+ 24. Rxf1 Nb6 25. Qxc6 Rxc6 26. bxc4 Rxc4 27. a4 a5 28. Ba1 d5 29. Rb1 Bb4 30. Nb5 Nxa4 31. Nbc7 Nc5 32. Nd4 Nf4 33. Nf5 Nce6 34. Ne8 d4 35. Rd1 Kf8 36. Ned6 Bxd6 37. Nxd6 Rc5 38. Bb2 Rc2 39. Ba3 Ra2 40. Nb5+ Kg8 41. Bd6 d3 42. Nd4 Nh3 0-1

[Event "2BLS 2223 SV 1947 Walldorf - Stuttgarte"]
[Site "?"]
[Date "2023.02.05"]
[Round "6.2"]
[White "Gschnitzer, Adrian"]
[Black "Benkovic, Petar"]
[Result "1-0"]
[WhiteElo "2428"]
[BlackElo "2369"]
[PlyCount "56"]
[EventDate "2023.??.??"]

1. e4 c5 2. Nf3 d6 3. d4 cxd4 4. Nxd4 Nf6 5. Nc3 Nc6 6. Bg5 e6 7. Qd2 a6 8. O-O-O h6 9. Bh4 Bd7 10. f4 Be7 11. Kb1 Nxd4 12. Qxd4 Bc6 13. Be2 Qc7 14. Bf3 e5 15. fxe5 dxe5 16. Qf2 O-O 17. g4 Rad8 18. g5 hxg5 19. Bxg5 Ng4 20. Qh4 Bxg5 21. Qxg5 Nf2 22. Rxd8 Qxd8 23. Qxd8 Rxd8 24. Rf1 Nh3 25. Nd5 Bxd5 26. exd5 Nf4 27. c4 f5 28. Kc2 a5 1-0

[Event "2BLS 2223 SV 1947 Walldorf - Stuttgarte"]
[Site "?"]
[Date "2023.02.05"]
[Round "6.3"]
[White "Neyman, Igor"]
[Black "Faerber, David"]
[Result "1/2-1/2"]
[WhiteElo "2362"]
[BlackElo "2379"]
[PlyCount "80"]
[EventDate "2023.??.??"]

1. d4 Nf6 2. c4 e6 3. Nf3 d5 4. Nc3 c5 5. cxd5 Nxd5 6. e4 Nxc3 7. bxc3 cxd4 8. cxd4 Bb4+ 9. Bd2 Bxd2+ 10. Qxd2 O-O 11. Bc4 Nd7 12. O-O b6 13. Qf4 Bb7 14. Rad1 Rc8 15. Bb3 Qf6 16. Qe3 Rc7 17. Rfe1 Rfc8 18. h3 Rc3 19. Rd3 Rxd3 20. Qxd3 Qd8 21. Qe3 h6 22. Nd2 Qc7 23. f3 Qc3 24. Kf2 Qb4 25. Nb1 a5 26. Qd2 Qd6 27. Rd1 Qc7 28. Na3 Ba6 29. Ba4 Ne5 30. Bb5 Bxb5 31. Nxb5 Qd7 32. Qe2 Nc4 33. a4 Nd6 34. Nxd6 Qxd6 35. d5 Qc5+ 36. Kg3 exd5 37. Rxd5 Qc4 38. Qd1 Qc7+ 39. e5 Re8 40. f4 Qc4 1/2-1/2

[Event "2BLS 2223 SV 1947 Walldorf - Stuttgarte"]
[Site "?"]
[Date "2023.02.05"]
[Round "6.4"]
[White "Vonthron, Horst"]
[Black "Strunski, Andreas"]
[Result "1-0"]
[WhiteElo "2356"]
[BlackElo "2320"]
[PlyCount "60"]
[EventDate "2023.??.??"]

1. d4 d5 2. c4 c6 3. Nf3 Nf6 4. Qc2 g6 5. cxd5 cxd5 6. Nc3 Nc6 7. Bf4 Nh5 8. Be5 f6 9. Bg3 Nxg3 10. hxg3 Bg7 11. Rxh7 Kf7 12. Rxh8 Bxh8 13. e3 e6 14. O-O-O f5 15. Bb5 Bf6 16. Bxc6 bxc6 17. Na4 Ba6 18. Rh1 Kg7 19. Nc5 Bc8 20. Ne5 Bxe5 21. dxe5 Rb8 22. Kb1 Rb4 23. Qd2 Rc4 24. e4 a5 25. exf5 exf5 26. Rc1 Rg4 27. Qe1 Qe7 28. f3 Rc4 29. Rxc4 dxc4 30. Qe3 f4 1-0

[Event "2BLS 2223 SV 1947 Walldorf - Stuttgarte"]
[Site "?"]
[Date "2023.02.05"]
[Round "6.5"]
[White "Beyer, Christian"]
[Black "Gschnitzer, Oswald"]
[Result "1-0"]
[WhiteElo "2253"]
[BlackElo "2343"]
[PlyCount "90"]
[EventDate "2023.??.??"]

1. e4 e5 2. Nf3 Nc6 3. Bb5 a6 4. Ba4 Nf6 5. Qe2 Be7 6. c3 b5 7. Bb3 O-O 8. d3 d6 9. Nbd2 Na5 10. Bc2 c5 11. Nf1 Nc6 12. a4 Rb8 13. Ng3 g6 14. axb5 axb5 15. Bh6 Re8 16. h3 Bf8 17. Qd2 Bg7 18. O-O d5 19. exd5 Qxd5 20. Ne4 Nxe4 21. dxe4 Qxd2 22. Bxd2 b4 23. Ba4 Bb7 24. Be3 Bf8 25. cxb4 cxb4 26. Rfc1 Rec8 27. Bxc6 Rxc6 28. Nxe5 Rxc1+ 29. Rxc1 Bg7 30. Nd7 Re8 31. Nc5 Ba8 32. b3 Bb2 33. Rc4 Bc3 34. Bd4 Bd2 35. f3 Bc6 36. Rc2 Bg5 37. Na6 Bd7 38. Kf2 Ra8 39. Nxb4 Rb8 40. Nd5 Rxb3 41. Bf6 Bh6 42. Ra2 Rb8 43. Be5 Rd8 44. Bc7 Rc8 45. Nf6+ Kg7 1-0

[Event "2BLS 2223 SV 1947 Walldorf - Stuttgarte"]
[Site "?"]
[Date "2023.02.05"]
[Round "6.7"]
[White "Fritsch, Rolf"]
[Black "Weber, Marc"]
[Result "1/2-1/2"]
[WhiteElo "2192"]
[BlackElo "2202"]
[PlyCount "23"]
[EventDate "2023.??.??"]

1. c4 e5 2. g3 Nf6 3. Bg2 c6 4. d4 exd4 5. Qxd4 Na6 6. Nc3 Bc5 7. Qd2 O-O 8. e3 d5 9. cxd5 Nb4 10. Nge2 Nbxd5 11. Nxd5 Nxd5 12. O-O 1/2-1/2

[Event "2BLS 2223 SV 1947 Walldorf - Stuttgarte"]
[Site "?"]
[Date "2023.02.05"]
[Round "6.8"]
[White "Hauser, Carlos"]
[Black "Lorscheid, Gerhard"]
[Result "1/2-1/2"]
[WhiteElo "2223"]
[BlackElo "2134"]
[PlyCount "30"]
[EventDate "2023.??.??"]

1. d4 d6 2. Nf3 Nf6 3. c4 g6 4. Nc3 Bf5 5. Qb3 b6 6. c5 Bg7 7. cxd6 exd6 8. g3 O-O 9. Bg2 c6 10. O-O Ne4 11. Nh4 Nxc3 12. bxc3 Be6 13. Qa3 Bc4 14. Re1 d5 15. e4 Re8 1/2-1/2

[Event "2BLS 2223 SV 1947 Walldorf - SV 1920 Ho"]
[Site "?"]
[Date "2023.02.25"]
[Round "7.1"]
[White "Sumets, Andrey"]
[Black "Aczel, Gergely"]
[Result "1/2-1/2"]
[WhiteElo "2513"]
[BlackElo "2511"]
[PlyCount "77"]
[EventDate "2023.??.??"]

1. d4 Nf6 2. c4 e6 3. Nf3 d5 4. Nc3 Be7 5. Bf4 O-O 6. e3 Nbd7 7. cxd5 Nxd5 8. Nxd5 exd5 9. Bd3 c5 10. O-O c4 11. Bc2 Nf6 12. Ne5 Be6 13. b3 c3 14. Qd3 Rc8 15. f3 g6 16. g4 Nd7 17. Qb5 Nxe5 18. Bxe5 Qd7 19. Qxd7 Bxd7 20. a4 Rfd8 21. Rfc1 a6 22. Bd3 Kf8 23. Kf2 f6 24. Bg3 Kf7 25. Ke2 Rh8 26. Rg1 h5 27. gxh5 Rxh5 28. Kd1 g5 29. Kc2 f5 30. Rg2 Bf6 31. Rd1 Rh3 32. Rf2 f4 33. exf4 Bxd4 34. Rg2 g4 35. fxg4 Bxg4 36. Be2 Bf5+ 37. Bd3 Bg4 38. Be2 Bf5+ 39. Bd3 1/2-1/2

[Event "2BLS 2223 SV 1947 Walldorf - SV 1920 Ho"]
[Site "?"]
[Date "2023.02.25"]
[Round "7.2"]
[White "Gschnitzer, Adrian"]
[Black "Shneider, Aleksandr"]
[Result "1-0"]
[WhiteElo "2428"]
[BlackElo "2499"]
[PlyCount "73"]
[EventDate "2023.??.??"]

1. e4 c5 2. Nf3 d6 3. d4 cxd4 4. Nxd4 Nf6 5. Nc3 a6 6. Bg5 e6 7. f4 Nbd7 8. Qf3 Qc7 9. O-O-O b5 10. Bd3 Bb7 11. Rhe1 O-O-O 12. f5 e5 13. Nb3 Be7 14. a4 bxa4 15. Nxa4 Kb8 16. Kb1 Rc8 17. Qe2 Qc6 18. Nc3 Bd8 19. g4 h6 20. Be3 g5 21. fxg6 fxg6 22. Nd5 Qa4 23. Nc3 Qc6 24. h4 h5 25. g5 Ng4 26. Bg1 Rf8 27. Rf1 Bb6 28. Bxa6 Bxg1 29. Bxb7 Qxb7 30. Rxg1 Nc5 31. Rxd6 Nxb3 32. cxb3 Rf2 33. Qa6 Qxa6 34. Rxa6 Rh2 35. Rd1 Rxh4 36. Rb6+ Ka7 37. Rdd6 1-0

[Event "2BLS 2223 SV 1947 Walldorf - SV 1920 Ho"]
[Site "?"]
[Date "2023.02.25"]
[Round "7.3"]
[White "Ginsburg, Gennadi"]
[Black "Muckle, Julius"]
[Result "1/2-1/2"]
[WhiteElo "2397"]
[BlackElo "2405"]
[PlyCount "72"]
[EventDate "2023.??.??"]

1. e4 e6 2. d4 d5 3. Nd2 Nf6 4. e5 Nfd7 5. Bd3 c5 6. c3 Nc6 7. Ne2 cxd4 8. cxd4 f6 9. exf6 Nxf6 10. Nf3 Bd6 11. O-O O-O 12. Bf4 Bxf4 13. Nxf4 Ne4 14. Qc1 Ng5 15. Nxg5 Qxg5 16. Ne2 Qxc1 17. Raxc1 Nb4 18. Bb1 Bd7 19. a3 Bb5 20. Rfe1 Nc6 21. Nc3 Bc4 22. Rxe6 Nxd4 23. Ree1 Rfe8 24. f3 b5 25. Kf2 a5 26. Rxe8+ Rxe8 27. Rd1 Nb3 28. Bf5 d4 29. Ne4 Re5 30. g4 g6 31. Bd7 Kg7 32. g5 Bd5 33. Nf6 Bc4 34. Ne4 Bd5 35. Nf6 Bc4 36. Ne4 Bd5 1/2-1/2

[Event "2BLS 2223 SV 1947 Walldorf - SV 1920 Ho"]
[Site "?"]
[Date "2023.02.25"]
[Round "7.4"]
[White "Faerber, David"]
[Black "Gurevich, Vladimir"]
[Result "1/2-1/2"]
[WhiteElo "2379"]
[BlackElo "2452"]
[PlyCount "45"]
[EventDate "2023.??.??"]

1. e4 c5 2. c3 d5 3. exd5 Qxd5 4. d4 e6 5. Nf3 Nf6 6. Na3 a6 7. Nc4 Nbd7 8. Be2 cxd4 9. Nxd4 Be7 10. O-O O-O 11. Bf4 Re8 12. Qb3 e5 13. Nxe5 Nxe5 14. Qxd5 Nxd5 15. Bxe5 Ba3 16. bxa3 Nxc3 17. f4 Nxe2+ 18. Nxe2 f6 19. Nc3 fxe5 20. Rae1 Bd7 21. Rxe5 Rxe5 22. fxe5 Be6 23. Rf3 1/2-1/2